[Event "KAZ-ch 2018"]
[Site "Almaty"]
[Date "2018.04.28"]
[Round "9"]
[White "Kazakov, Konstantin"]
[Black "Makhnev, Denis"]
[Result "0-1"]
[WhiteElo "2410"]
[BlackElo "2409"]
[Annotator "TA"]
[PlyCount "90"]
[EventDate "2018.??.??"]
[EventType "tourn"]
[EventCountry "KAZ"]
[SourceTitle "playchess.com"]
[Source "ChessBase"]
[SourceQuality "1"]

{[%evp 20,90,19,23,32,-42,-35,-44,-45,-77,-61,-115,-117,-108,-90,-79,-94,-106,-105,-98,-94,-148,-155,-143,-149,-155,-152,-156,-122,-152,-147,-152,-127,-148,-28,-39,0,0,0,0,0,0,0,0,0,0,0,0,0,0,0,0,0,0,57,6,10,0,81,75,69,6,28,-291,-291,-981,-971,-1012,-954,-1008,-983,-1108,-1080]} 1. e4 e5 2. Nf3 Nc6 3. Bb5 Nf6 4. d3 Bc5 5. c3 d6 6. O-O a6 7. Ba4 Ba7 {C78: Ruy Lopez: Archangelsk and Möller Defences} 8. Nbd2 (8. Re1 O-O 9. h3 Ne7 10. Nbd2 Ng6 11. Nf1 c6 12. Ng3 d5 13. Bb3 dxe4 14. dxe4 Qxd1 15. Rxd1 {½-½ (15) Grischuk,A (2750)-Tomashevsky,E (2696) Moscow 2017}) 8... O-O 9. Re1 Ng4 10. Re2 f5 11. h3 {LiveBook: 3 Games} Nf6 {[%cal Bg4f6,Bf6h5,Bh5f4][%mdl 32]} 12. Nf1 ({White should try} 12. d4 $1 $14) 12... fxe4 $146 ({Predecessor:} 12... Nh5 13. Ng5 Qf6 14. Rc2 Qg6 15. Bb3+ Kh8 {0-1 (38) Eswaran,A (2226)-Tokhirjonova,G (2328) Bhubaneswar 2016}) 13. dxe4 Nh5 14. N1h2 Kh8 15. Ng4 (15. Be3 $15) 15... Qe8 16. Qd3 Nf4 $36 {[%mdl 2048] Black is on the roll.} 17. Bxf4 Rxf4 18. g3 Rf8 19. Kg2 Qh5 20. Nfh2 (20. Rh1 $142) 20... Nd8 $17 21. Bb3 Ne6 22. Bxe6 Bxe6 23. Rf1 g5 ({Inferior is} 23... Bxa2 24. c4 $16) 24. b3 Rf7 25. f3 Rd8 26. Rd2 c6 ({Better is} 26... Rdf8 $17 27. Re1 Kg8) 27. Qe2 $11 Kg7 28. Rfd1 Rfd7 29. Nf1 {[%cal Bh2f1,Bf1g3,Bg3f5][%mdl 32]} Qf7 30. Nge3 {[%cal Bg4e3,Be3f5,Bf5d6][%mdl 32]} d5 31. g4 d4 32. Nf5+ Kh8 33. cxd4 exd4 34. N1g3 c5 35. e5 Rd5 36. Nd6 Qe7 (36... Qd7 $1 $11) 37. Re1 (37. Qe4 $14) 37... Bb8 38. Qe4 Qf8 (38... R5xd6 $1 $11 {remains equal.} 39. exd6 Qxd6) 39. Ngf5 $16 Rd7 40. a4 (40. b4 $14) 40... Qg8 $11 41. f4 $2 {[%mdl 8192] [#]} (41. b4 $11 {and White stays safe.}) 41... R5xd6 $1 $19 42. exd6 $2 (42. Nh6 Qg6 43. f5 Qxh6 44. exd6) 42... Bd5 {Black is clearly winning.} 43. Qxd5 Qxd5+ 44. Kf2 Rd8 45. Re5 Qc6 {Precision: White = 46%, Black = 68%.} 0-1

[Event "KAZ-ch 2018"]
[Site "Almaty"]
[Date "2018.04.28"]
[Round "9"]
[White "Ibrayev, Nurlan"]
[Black "Igambergenov, Alibek"]
[Result "0-1"]
[WhiteElo "2394"]
[BlackElo "2296"]
[Annotator "ChessBase"]
[PlyCount "126"]
[EventDate "2018.??.??"]
[EventType "tourn"]
[EventCountry "KAZ"]
[SourceTitle "playchess.com"]
[Source "ChessBase"]
[SourceQuality "1"]
[TimeControl "40/5400+30:1800+30"]

1. d4 {[%emt 0:00:00]} Nf6 {[%emt 0:00:27]} 2. c4 {[%emt 0:00:19]} c5 {[%emt 0:00:05]} 3. d5 {[%emt 0:00:37]} b5 {[%emt 0:00:04]} 4. cxb5 {[%emt 0:01:22]} a6 {[%emt 0:00:03]} 5. bxa6 {[%emt 0:00:04]} g6 {[%emt 0:00:04]} 6. Nc3 {[%emt 0:00:02]} Bg7 {[%emt 0:00:04]} 7. e4 {[%emt 0:00:08]} O-O {[%emt 0:00:08]} 8. Nf3 {[%emt 0:05:32]} Qa5 {[%emt 0:02:57]} 9. Nd2 {[%emt 0:02:27]} Bxa6 {[%emt 0:04:36]} 10. Bxa6 {[%emt 0:00:30]} Qxa6 {[%emt 0:00:04]} 11. Qe2 {[%emt 0:00:33]} Qxe2+ {[%emt 0:00:40]} 12. Kxe2 {[%emt 0:00:08]} e6 {[%emt 0:00:06]} 13. Rd1 {[%emt 0:05:00]} Re8 {[%emt 0:11:44]} 14. Kf1 {[%emt 0:02:18]} Na6 {[%emt 0:00:12]} 15. Nc4 {[%emt 0:00:28]} Nb4 {[%emt 0:04:12]} 16. f3 {[%emt 0:29:20]} exd5 {[%emt 0:09:14]} 17. exd5 {[%emt 0:00:12]} Nc2 {[%emt 0:00:08]} 18. Rb1 {[%emt 0:00:14]} Reb8 {[%emt 0:00:13]} 19. b3 {[%emt 0:11:30]} Ne8 {[%emt 0:11:33]} 20. Bf4 {[%emt 0:12:06]} Rb4 {[%emt 0:08:02]} 21. Ne4 {[%emt 0:10:35]} Bd4 {[%emt 0:11:03]} 22. a4 {[%emt 0:03:42]} f5 {[%emt 0:00:36]} 23. Ned6 {[%emt 0:03:38]} Nc7 {[%emt 0:11:15]} 24. Nxf5 {[%emt 0:08:50]} Nxd5 {[%emt 0:01:25]} 25. Nxd4 {[%emt 0:00:13]} Nxd4 {[%emt 0:03:06]} 26. Bd6 {[%emt 0:00:50]} Nc3 {[%emt 0:01:42]} 27. Bxc5 {[%emt 0:01:03]} Rxb3 {[%emt 0:00:04]} 28. Rxb3 {[%emt 0:00:27]} Nxb3 {[%emt 0:00:04]} 29. Rd3 {[%emt 0:00:33]} Nxc5 {[%emt 0:00:44]} 30. Rxc3 {[%emt 0:00:06]} Rxa4 {[%emt 0:01:09]} 31. Nb6 {[%emt 0:00:22]} Ra5 {[%emt 0:02:20]} 32. Re3 {[%emt 0:00:25]} Kf7 {[%emt 0:00:12]} 33. Kf2 {[%emt 0:00:21]} Ra6 {[%emt 0:00:54]} 34. Nc4 {[%emt 0:01:39]} Ne6 {[%emt 0:00:29]} 35. Rd3 {[%emt 0:00:22]} Ra2+ {[%emt 0:00:12]} 36. Kg3 {[%emt 0:00:08]} Rxg2+ {[%emt 0:00:35]} 37. Kxg2 {[%emt 0:00:14]} Nf4+ {[%emt 0:00:04]} 38. Kf2 {[%emt 0:00:06]} Nxd3+ {[%emt 0:00:04]} 39. Ke3 {[%emt 0:00:03]} Nc5 {[%emt 0:00:19]} 40. Kd4 {[%emt 0:00:14]} Ne6+ {[%emt 0:31:22]} 41. Ke5 {[%emt 0:30:01]} Ke7 {[%emt 0:00:59]} 42. f4 {[%emt 0:01:02]} Nd8 {[%emt 0:01:34]} 43. Ne3 {[%emt 0:02:25]} Nf7+ {[%emt 0:02:58]} 44. Kd5 {[%emt 0:01:04]} Kf6 {[%emt 0:00:38]} 45. Nc4 {[%emt 0:00:00]} Kf5 {[%emt 0:00:00]} 46. Nb6 {[%emt 0:00:00]} d6 {[%emt 0:00:00]} 47. Nd7 {[%emt 0:00:00]} h5 {[%emt 0:00:00]} 48. Nf8 {[%emt 0:00:00]} h4 {[%emt 0:00:00]} 49. Kd4 {[%emt 0:00:00]} h3 {[%emt 0:00:00]} 50. Ke3 {[%emt 0:00:00]} Nd8 {[%emt 0:00:00]} 51. Kf3 {[%emt 0:00:00]} Ne6 {[%emt 0:00:00]} 52. Nd7 {[%emt 0:00:00]} Nxf4 {[%emt 0:00:00]} 53. Nb8 {[%emt 0:00:14]} g5 {[%emt 0:00:00]} 54. Nc6 {[%emt 0:00:05]} g4+ {[%emt 0:00:00]} 55. Kg3 {[%emt 0:00:01]} Kg5 {[%emt 0:00:00]} 56. Nd4 {[%emt 0:00:13]} Nh5+ {[%emt 0:00:00]} 57. Kf2 {[%emt 0:00:01]} Kf4 {[%emt 0:00:00]} 58. Ne6+ {[%emt 0:00:18]} Ke5 {[%emt 0:00:00]} 59. Ng5 {[%emt 0:00:21]} d5 {[%emt 0:00:00]} 60. Nf7+ {[%emt 0:00:19]} Kf4 {[%emt 0:00:00]} 61. Nd8 {[%emt 0:00:11]} Ng7 {[%emt 0:00:00]} 62. Nc6 {[%emt 0:00:07]} Nf5 {[%emt 0:00:00]} 63. Nb4 {[%emt 0:00:10]} Ke5 0-1

[Event "KAZ-ch 2018"]
[Site "Almaty"]
[Date "2018.04.28"]
[Round "9"]
[White "Saiyn, Zhanat"]
[Black "Kazhgaleyev, Murtas"]
[Result "1/2-1/2"]
[WhiteElo "2377"]
[BlackElo "2577"]
[Annotator "TA"]
[PlyCount "48"]
[EventDate "2018.??.??"]
[EventType "tourn"]
[EventCountry "KAZ"]
[SourceTitle "playchess.com"]
[Source "ChessBase"]
[SourceQuality "1"]

{[%evp 16,48,32,27,72,62,75,47,87,70,74,67,72,71,156,148,149,50,43,50,45,28,32,0,0,0,0,0,0,-57,-14,-27,54,56,41]} 1. Nf3 Nf6 2. c4 c6 3. e3 d5 4. Nc3 g6 5. d4 Bg7 6. Be2 O-O 7. O-O b6 8. a4 {[%cal Ba2a4,Ba4a5][%mdl 32] D94: Grünfeld: 4 Nf3 Bg7 5 e3} Bb7 9. a5 {LiveBook: 3 Games} Na6 $146 ({Predecessor:} 9... bxa5 10. Qa4 dxc4 11. Qxa5 Nbd7 12. Bxc4 c5 13. dxc5 Qc8 14. Ba6 Bxa6 15. Qxa6 Qxa6 16. Rxa6 Nxc5 {0-1 (69) Sevian,S (2620)-Li,C (2744) Tbilisi 2017}) 10. cxd5 {White is better.} cxd5 11. Qb3 (11. b4 $5) 11... Qd6 12. Bd2 Ne4 13. Nxe4 dxe4 14. Ng5 Nc5 (14... Bd5 $142 15. Bc4 e6) 15. dxc5 $16 Qxd2 {[#]} 16. Bc4 (16. Nxf7 $1 $16 {[%mdl 512]} Bd5 (16... Rxf7 17. Bc4) 17. Bc4 Bxf7 18. axb6) 16... Qxb2 $14 17. Bxf7+ Kh8 {Threatens to win with ...Qxb3.} 18. a6 ({Not} 18. axb6 $2 Qxb3 19. Bxb3 Bxa1 $19) 18... Bc6 {[%cal Bb7c6,Bc6b5,Bb5d3][%mdl 32] Strongly threatening ...Qxb3.} 19. Rac1 Bb5 20. Rfd1 Bd3 21. cxb6 axb6 22. Nh3 ({Better is} 22. Bc4 $11 Qxf2+ 23. Kh1) 22... Rxa6 {White must now prevent ...Ra3.} 23. Nf4 Ra3 (23... b5 $11) 24. Qe6 {[%mdl 1024] Nxg6+! would kill now. White has compensation.} Ra5 {Precision: White = 62%, Black = 40%.} 1/2-1/2

[Event "KAZ-ch 2018"]
[Site "Almaty"]
[Date "2018.04.28"]
[Round "9"]
[White "Suleymenov, Alisher"]
[Black "Agmanov, Zhandos"]
[Result "1/2-1/2"]
[WhiteElo "2351"]
[BlackElo "2360"]
[Annotator "RC"]
[PlyCount "38"]
[EventDate "2018.??.??"]
[EventType "tourn"]
[EventCountry "KAZ"]
[SourceTitle "playchess.com"]
[Source "ChessBase"]
[SourceQuality "1"]
[TimeControl "40/5400+30:1800+30"]

1. d4 {[%emt 0:00:00]} Nf6 {[%emt 0:01:03]} 2. c4 {[%emt 0:00:02]} e6 {[%emt 0:00:30]} 3. Nf3 {[%emt 0:00:30]} b6 {[%emt 0:00:30]} 4. a3 {[%emt 0:00:30]} Bb7 {[%emt 0:00:30]} 5. Nc3 {[%emt 0:00:30]} d5 {[%emt 0:00:30]} 6. Bg5 {[%emt 0:00:30]} Be7 {[%emt 0:00:30]} 7. e3 {[%emt 0:01:23]} Nbd7 {[%emt 0:01:53]} 8. Qc2 {[%emt 0:02:00]} O-O {[%emt 0:01:01]} 9. cxd5 {[%emt 0:00:02]} exd5 {[%emt 0:01:12]} 10. Bd3 {[%emt 0:02:26]} c5 {[%emt 0:08:09]} 11. O-O {[%emt 0:01:31]} Ne4 {[%emt 0:06:05]} 12. Bf4 {[%emt 0:08:00]} Ndf6 {[%emt 0:08:39]} 13. dxc5 {[%emt 0:17:39]} bxc5 {[%emt 0:02:41]} 14. Rfd1 {[%emt 0:00:46]} Nxc3 {[%emt 0:01:20]} 15. Qxc3 {[%emt 0:09:07]} Qb6 {[%emt 0:10:19]} 16. Rac1 {[%emt 0:04:27]} Rfd8 {[%emt 0:04:23]} 17. Qc2 {[%emt 0:05:56]} a5 {[%emt 0:11:18]} 18. h3 {[%emt 0:10:13]} h6 {[%emt 0:07:17]} 19. Qe2 {[%emt 0:11:59]} Qe6 {[%emt 0:09:42]} 1/2-1/2

[Event "KAZ-ch 2018"]
[Site "Almaty"]
[Date "2018.04.28"]
[Round "9"]
[White "Nogerbek, Kazybek"]
[Black "Zhalmakhanov, Ramazan"]
[Result "1/2-1/2"]
[WhiteElo "2323"]
[BlackElo "2271"]
[Annotator "RC"]
[PlyCount "79"]
[EventDate "2018.??.??"]
[EventType "tourn"]
[EventCountry "KAZ"]
[SourceTitle "playchess.com"]
[Source "ChessBase"]
[SourceQuality "1"]
[TimeControl "40/5400+30:1800+30"]

1. e4 {[%emt 0:00:00]} e5 {[%emt 0:00:12]} 2. Nf3 {[%emt 0:00:00]} Nc6 {[%emt 0:00:05]} 3. Bb5 {[%emt 0:00:00]} a6 {[%emt 0:00:57]} 4. Ba4 {[%emt 0:00:00]} Nf6 {[%emt 0:00:03]} 5. O-O {[%emt 0:00:00]} Be7 {[%emt 0:01:41]} 6. Re1 {[%emt 0:00:09]} b5 {[%emt 0:00:13]} 7. Bb3 {[%emt 0:00:01]} O-O {[%emt 0:00:12]} 8. h3 {[%emt 0:00:05]} d6 {[%emt 0:04:17]} 9. c3 {[%emt 0:00:08]} Nb8 {[%emt 0:02:27]} 10. d4 {[%emt 0:00:19]} Nbd7 {[%emt 0:00:04]} 11. Nbd2 {[%emt 0:00:07]} Bb7 {[%emt 0:00:03]} 12. Bc2 {[%emt 0:00:07]} c5 {[%emt 0:00:31]} 13. Nf1 {[%emt 0:04:02]} Re8 {[%emt 0:09:14]} 14. d5 {[%emt 0:00:14]} Bf8 {[%emt 0:02:19]} 15. Ng3 {[%emt 0:00:29]} g6 {[%emt 0:00:04]} 16. Bg5 {[%emt 0:00:54]} h6 {[%emt 0:00:16]} 17. Be3 {[%emt 0:02:31]} c4 {[%emt 0:02:12]} 18. a4 {[%emt 0:00:56]} Qc7 {[%emt 0:02:07]} 19. Ra3 {[%emt 0:01:37]} Nc5 {[%emt 0:02:19]} 20. Qd2 {[%emt 0:02:10]} Kh7 {[%emt 0:00:40]} 21. Rea1 {[%emt 0:00:33]} Rab8 {[%emt 0:10:26]} 22. axb5 {[%emt 0:07:00]} axb5 {[%emt 0:00:01]} 23. Qd1 {[%emt 0:01:05]} Ra8 {[%emt 0:04:10]} 24. Rxa8 {[%emt 0:14:40]} Rxa8 {[%emt 0:00:02]} 25. Rxa8 {[%emt 0:00:44]} Bxa8 {[%emt 0:00:01]} 26. Qa1 {[%emt 0:00:08]} Bb7 {[%emt 0:00:10]} 27. Qa7 {[%emt 0:01:22]} Nfd7 {[%emt 0:00:13]} 28. Nf1 {[%emt 0:03:28]} Bg7 {[%emt 0:18:12]} 29. N1d2 {[%emt 0:02:11]} Qb6 {[%emt 0:01:19]} 30. Qxb6 {[%emt 0:05:33]} Nxb6 {[%emt 0:00:02]} 31. b3 {[%emt 0:08:47]} cxb3 {[%emt 0:07:24]} 32. Nxb3 {[%emt 0:00:32]} Nbd7 {[%emt 0:04:44]} 33. Nfd2 {[%emt 0:08:47]} Ba6 {[%emt 0:04:16]} 34. Na5 {[%emt 0:14:40]} Bf6 {[%emt 0:00:48]} 35. Nc6 {[%emt 0:01:20]} Bg5 {[%emt 0:05:26]} 36. Bxg5 {[%emt 0:01:40]} hxg5 {[%emt 0:00:01]} 37. Nb1 {[%emt 0:01:18]} Nb6 {[%emt 0:01:56]} 38. Nb4 {[%emt 0:03:37]} Kg7 {[%emt 0:14:49]} 39. f3 {[%emt 0:06:24]} Kf8 {[%emt 0:01:07]} 40. Na3 {[%emt 0:05:44]} 1/2-1/2

[Event "KAZ-ch 2018"]
[Site "Almaty"]
[Date "2018.04.29"]
[Round "10"]
[White "Kostenko, Petr"]
[Black "Saiyn, Zhanat"]
[Result "1/2-1/2"]
[WhiteElo "2435"]
[BlackElo "2377"]
[Annotator "TA"]
[PlyCount "67"]
[EventDate "2018.??.??"]
[EventType "tourn"]
[EventCountry "KAZ"]
[SourceTitle "playchess.com"]
[Source "ChessBase"]
[SourceQuality "1"]

{[%evp 11,67,13,26,12,34,11,16,12,13,18,6,5,4,0,0,0,0,-10,16,-2,0,-27,30,30,42,28,44,32,28,29,33,0,0,0,0,0,5,0,0,0,18,0,0,-4,0,0,0,0,0,0,10,-14,-16,-21,-13,-28,-38,-51]} 1. Nf3 d5 2. d4 Bf5 3. c4 e6 4. Nc3 c6 5. Bf4 Nf6 6. e3 Nbd7 {[%cal Bb8d7,Bd7b6,Bb6d5][%mdl 32]} 7. Nh4 {D02: 1 d4 d5 2 Nf3 sidelines, including 2...Nf6 3 g3 and 2...Nf6 3 Bf4} (7. Be2 Be7 8. h3 h6 9. O-O O-O 10. a3 a6 11. Rc1 Ne4 12. Qb3 Qb6 13. Qa2 Rac8 14. Rfd1 Rfd8 15. b4 dxc4 16. Nxe4 Bxe4 17. Nd2 Bd3 18. Nxc4 Bxc4 19. Rxc4 {1-0 (59) Laznicka,V (2647)-Short,N (2678) Riadh 2017}) 7... Bg6 (7... Be4 $5) 8. h3 $146 ({Predecessor:} 8. Nxg6 hxg6 9. Qb3 Qb6 10. c5 Qxb3 11. axb3 Nh5 12. b4 Be7 13. Bc7 Rc8 14. Be5 f6 {1-0 (54) Schemm,H (1903)-Opitz,B (1893) Bayern 2012}) 8... dxc4 9. Nxg6 {The position is equal.} hxg6 10. Bxc4 Nb6 11. Bd3 Nbd5 12. Bg3 Bd6 {[#] Strongly threatening ...Bxg3.} 13. Bxd6 Qxd6 14. Qb3 Qb4 15. Qc2 Qa5 16. Be2 O-O ({Black should try} 16... g5) 17. O-O $11 Rad8 18. Rfc1 Qc7 19. Rab1 e5 20. Nxd5 Rxd5 21. Bc4 Rd7 22. dxe5 Qxe5 23. Rd1 Rfd8 24. Rxd7 Rxd7 25. b4 Qf5 26. Qxf5 gxf5 {[%mdl 4096] Endgame KRB-KRN} 27. Bb3 Rd2 28. Rd1 Rxd1+ 29. Bxd1 {KB-KN} Nd5 30. a3 $1 Nc3 31. Bb3 Nb5 32. a4 Nc7 33. Kf1 b5 34. axb5 {Precision: White = 50%, Black = 62%.} 1/2-1/2

[Event "KAZ-ch 2018"]
[Site "Almaty"]
[Date "2018.04.29"]
[Round "10"]
[White "Kazakov, Konstantin"]
[Black "Ibrayev, Nurlan"]
[Result "0-1"]
[WhiteElo "2410"]
[BlackElo "2394"]
[Annotator "TA"]
[PlyCount "132"]
[EventDate "2018.??.??"]
[EventType "tourn"]
[EventCountry "KAZ"]
[SourceTitle "playchess.com"]
[Source "ChessBase"]
[SourceQuality "1"]

{[%evp 15,132,29,41,37,48,47,48,45,54,51,54,55,160,146,157,152,160,146,155,150,153,155,147,152,156,158,156,135,144,153,276,238,280,128,139,110,110,111,110,100,99,110,112,110,143,131,192,160,152,151,195,188,274,0,0,-9,-9,-130,-122,-108,-122,-120,-118,-116,-153,-152,0,0,129,0,0,0,0,0,6,8,8,-43,-66,-351,-355,-1970,-1902,-6007,-1001,-29967,-29968,-4827,-551,-554,-564,-550,-546,-550,-546,-519,-497,-616,-480,-29965,-29969,-29965,-29967,-29957,-29950,-29967,-29948,-29978,-29979,-29979,-29980,-29980,-29981,-29981,-29982,-29982,-29982,-29985,-29985]} 1. e4 c5 2. Nf3 d6 3. d4 cxd4 4. Nxd4 Nf6 5. Nc3 a6 6. Nb3 e6 {B90: Sicilian Najdorf: Unusual White 6th moves, 6 Be3 Ng4 and 6 Be3 e5} 7. g4 h6 (7... b5 8. Bg2 Bb7 9. g5 Nfd7 10. O-O Be7 11. f4 O-O 12. Qg4 Re8 13. Be3 Nc6 14. Rad1 {1-0 (51) Demchenko,A (2645)-Areshchenko,A (2652) Tbilisi 2017}) 8. Bg2 Nc6 {LiveBook: 6 Games. White has an edge.} 9. h4 g6 10. g5 $146 ({Predecessor:} 10. Qe2 Qc7 11. f4 b5 12. a3 Bb7 13. g5 hxg5 14. fxg5 Nh5 15. Rh3 Bg7 16. Bd2 {0-1 (41) Sanchez Delgado,L (2053)-Franco Alonso,A (2425) Parla 2007}) 10... hxg5 11. Bxg5 Be7 12. Qd2 Qc7 13. O-O-O Ne5 (13... Bd7 $14) 14. f4 $1 $16 {[%cal Rf4e5]} Nc4 15. Qd4 e5 16. fxe5 dxe5 17. Qf2 Qb6 18. Qe2 $1 {[%cal Re2c4]} Be6 19. Nd5 (19. Rhf1 Ng4 $15) 19... Bxd5 20. exd5 Rc8 {[#]} 21. d6 $1 {[%mdl 512]} Nxd6 22. Qxe5 Nc4 (22... Qc7 $16 {is a better defense.} 23. Nd4 Nde4) 23. Qe2 $18 {Rhf1 is the strong threat.} Rc7 24. h5 (24. Rd4 $18 {has better winning chances.} Na5 25. Rd3) 24... Rxh5 $16 {...Qe6 would now be nice for Black.} 25. Rxh5 Nxh5 26. Bxe7 $40 {[%csl Ge7][%cal Rd1d8][%mdl 128] White goes for the king.} Qe3+ 27. Qxe3 Nxe3 28. Bg5 {[%csl Gg5][%cal Rd1d8]} Nxd1 29. Kxd1 f6 30. Be3 f5 (30... Re7 $16) 31. Bf3 Nf6 32. Nc5 $1 f4 33. Bd4 ({Stronger than} 33. Bxf4 Rxc5 34. Bxb7 a5 $11) 33... g5 (33... Ke7 $142 34. b4 (34. Bxb7 a5 $18) 34... Nd7 35. Bxb7 a5) 34. Ne6 $2 ({Much less strong is} 34. Bxf6 $6 Rxc5 35. Bxb7 g4 $18) (34. b4 $18 b6 35. Ne6 (35. Bxf6 bxc5 36. Bxg5 cxb4 $16)) 34... Rd7 $11 35. c3 (35. Bxb7 $5 Rxb7 36. Bxf6 Rd7+ 37. Ke2 $14) 35... g4 36. Be2 (36. Nc5 $11 Rxd4+ 37. cxd4 gxf3 38. Nxb7) 36... f3 $17 {[%mdl 1024] Black has strong compensation.} 37. Bd3 g3 38. Bg6+ Ke7 39. Ng5 f2 40. Ke2 {[#]} Nd5 $2 (40... Rxd4 $1 $17 {[%mdl 512]} 41. cxd4 Ng4) 41. Be4 $11 Kd6 {[#]} (41... Nf4+ $1 $11 42. Kf1 Rd8) 42. Kf1 (42. Bf3 $1 $16) 42... Re7 43. c4 Nf4 44. Be3 Nh5 {aiming for ...Nf6.} 45. Bd2 {Threatens to win with Bb4+.} Kc5 46. Bf3 (46. b3 $11) 46... Nf6 $15 47. b3 $2 {[%mdl 8192]} (47. Nh3 $1 $15) 47... Kd4 $19 48. Bb4 $2 (48. Nh3 Ne4 49. Bb4) 48... Re5 49. Nh3 Rf5 (49... Ke3 $142 50. Kg2 Rf5) 50. Bg2 Ng4 51. Ke2 Nh2 (51... Ne3 $142 52. Bc3+ Kxc3 53. Kxe3 f1=Q 54. Bxf1 Rxf1) 52. Bd6 f1=Q+ 53. Bxf1 Nxf1 {[%mdl 4096] Endgame KRN-KBN} 54. Bf4 g2 {Hoping for ...Rxf4!} 55. Kf3 Ne3 56. Kg3 Rf8 57. Bxe3+ (57. Kf3 $19) 57... Kxe3 {Black mates.} 58. Kxg2 {KR-KN} Rd8 59. Kg3 Rd2 60. Nf4 Rxa2 61. Nd5+ Kd4 62. Nf4 Kc3 63. Ne6 Kxb3 64. c5 Kc4 65. Nd8 Kxc5 66. Nxb7+ Kd5 {Precision: White = 48%, Black = 54%.} 0-1

[Event "KAZ-ch 2018"]
[Site "Almaty"]
[Date "2018.04.29"]
[Round "10"]
[White "Makhnev, Denis"]
[Black "Kazhgaleyev, Murtas"]
[Result "1/2-1/2"]
[WhiteElo "2409"]
[BlackElo "2577"]
[Annotator "TA"]
[PlyCount "120"]
[EventDate "2018.??.??"]
[EventType "tourn"]
[EventCountry "KAZ"]
[SourceTitle "playchess.com"]
[Source "ChessBase"]
[SourceQuality "1"]

{[%evp 15,120,3,6,-14,-18,-18,-25,-17,-10,-14,-13,-14,-10,-8,-5,-6,0,-48,-46,-46,-21,-22,-56,-22,-18,-12,-19,-26,-26,-26,-26,-31,-23,-29,-21,-33,-30,-54,-9,-9,-6,-8,0,0,0,0,0,0,0,0,0,-3,0,-3,0,0,0,-5,-4,-8,-5,-5,-5,-8,-5,-5,-5,-8,-8,-8,-4,-6,-2,-8,-8,-8,-8,-8,-2,-3,-2,-8,-8,-8,-8,-11,0,0,0,0,0,0,0,0,0,0,0,0,0,0,0,0,0,0,0,0,0]} 1. d4 Nf6 2. Nf3 e6 3. c4 Bb4+ 4. Nbd2 O-O 5. a3 Be7 6. e3 d5 7. Bd3 c5 8. dxc5 a5 {LiveBook: 41 Games} 9. Qc2 {E11: Bogo-Indian} (9. Rb1 Bxc5 10. O-O Nc6 11. Qc2 Qe7 12. cxd5 exd5 13. e4 h6 14. exd5 Nxd5 15. Re1 Be6 16. Bh7+ Kh8 {0-1 (44) Bogdanovich,S (2590)-Kuzubov,Y (2661) Lvov 2014}) 9... Nbd7 10. cxd5 $146 {[#] Threatens to win with d6.} ({Predecessor:} 10. O-O Nxc5 11. Be2 a4 12. b4 axb3 13. Nxb3 Nxb3 14. Qxb3 Qa5 {½-½ (14) Gavrikov,V (2550)-Kochyev,A (2505) Tallinn (Estland) 1985}) 10... Nxc5 11. Be2 {Black has an edge.} Nxd5 12. Ne4 b6 13. Nxc5 Bxc5 14. Bd3 Nf6 15. O-O Bb7 16. Bd2 Bxf3 17. gxf3 Qd5 {White must now prevent ...Rfd8.} 18. Be2 Rac8 {And now ...Bxe3! would win.} 19. Bc3 $1 Bb4 20. axb4 axb4 21. Ra4 bxc3 22. bxc3 Qg5+ 23. Kh1 Nd5 24. Rc4 Qf6 25. Rxc8 Rxc8 26. c4 b5 {Hoping for ...bxc4.} 27. Rb1 $1 {The position is equal.} bxc4 {[#]} 28. Qxc4 $1 {[%mdl 512]} Qd8 (28... Rd8 {seems wilder.} 29. Rc1 Ne7 30. Kg2 g5 31. Bd3 Rc8) (28... Rxc4 29. Rb8+) 29. Qd4 g6 (29... h6 {with more complications.} 30. Ba6 Ra8 31. Bb7 Rb8 32. Rb3 Nf6) 30. Bc4 Ne7 31. Qxd8+ Rxd8 $11 {[%mdl 4096] Endgame KRB-KRN} 32. f4 Nf5 33. Kg1 Kg7 34. Be2 Rd2 35. Bf3 h6 36. Kf1 Ra2 37. Re1 g5 38. fxg5 hxg5 39. Re2 Ra1+ (39... Ra7 {keeps more tension.} 40. Rb2 Ra1+ 41. Ke2 Nh4 42. h3 f5) 40. Re1 Ra4 (40... Ra7 {is interesting.} 41. Rb1 Nh4 42. Bd1 Ra3 43. h3 Kf6) 41. h3 Nh4 42. Be2 f5 43. Rb1 Kf6 44. Rc1 Rb4 45. Ra1 Rb2 46. Rc1 e5 47. Ra1 e4 48. Bd1 Rb6 49. Ke1 Ng6 50. Be2 f4 51. Ra6 Rxa6 52. Bxa6 {KB-KN} Ke5 53. Ke2 Ne7 54. Bb7 Nf5 55. Ba8 Nh6 56. f3 fxe3 57. Kxe3 Nf5+ 58. Ke2 $1 Nd4+ 59. Ke3 Nf5+ 60. Ke2 $1 Nd4+ {Precision: White = 80%, Black = 71%.} 1/2-1/2

[Event "KAZ-ch 2018"]
[Site "Almaty"]
[Date "2018.04.29"]
[Round "10"]
[White "Agmanov, Zhandos"]
[Black "Ismagambetov, Anuar"]
[Result "0-1"]
[WhiteElo "2360"]
[BlackElo "2547"]
[Annotator "TA"]
[PlyCount "89"]
[EventDate "2018.??.??"]
[EventType "tourn"]
[EventCountry "KAZ"]
[SourceTitle "playchess.com"]
[Source "ChessBase"]
[SourceQuality "1"]

{[%evp 19,89,22,52,39,37,18,47,48,55,52,48,54,49,51,49,46,62,37,53,41,79,45,35,0,0,0,0,0,0,0,0,0,0,0,0,0,0,0,0,0,0,0,0,0,0,0,0,0,0,-8,-8,-8,0,-8,0,0,0,0,0,0,0,-8,-8,-8,-8,-13,-6,-6,-8,-21,-21,-294]} 1. e4 c5 2. Nf3 d6 3. d4 cxd4 4. Nxd4 Nf6 5. f3 e5 6. Nb3 Be7 {B55: Sicilian: 2...d6 3 d4 cxd4 4 Nxd4 Nf6 5 f3} (6... Be6 7. c4 Nbd7 8. Be3 b5 9. Na3 a6 10. cxb5 d5 11. bxa6 dxe4 12. Bb5 Nd5 13. Bc5 Nf4 14. O-O Bxb3 15. Qxd7+ Qxd7 16. Bxf8 Rxf8 17. axb3 Rxa6 18. Bxd7+ Kxd7 {½-½ (27) Vitiugov,N (2721)-Duda,J (2710) Czech Republic 2018}) 7. c4 Nc6 8. Be3 a5 {[%cal Ba7a5,Ba5a4][%mdl 32]} 9. Nc3 a4 10. Nd2 Qa5 {LiveBook: 4 Games} 11. Be2 O-O 12. O-O Bd8 13. Kh1 Bb6 $146 ({Predecessor:} 13... Be6 14. Rc1 Nd7 15. Ndb1 Bb6 {½-½ (59) Saulina,V (2272)-Ziaziulkina,N (2345) Moscow 2013}) 14. Bxb6 Qxb6 15. Nxa4 Qb4 16. b3 Nh5 17. g3 Nd4 18. Rc1 Be6 19. Nb1 f5 20. exf5 Bxf5 21. Qe1 Qxe1 {The position is equal.} 22. Rfxe1 Bd7 23. Nb6 Rxa2 24. Nxd7 Nxe2 25. Rxe2 Rxe2 26. Nxf8 Kxf8 $11 {[%mdl 4096] Endgame KRN-KRN} 27. Nc3 Rf2 28. Ne4 Rxf3 29. Nxd6 Rxb3 30. Re1 Ke7 31. Nxb7 {[#] Threatens to win with Nc5.} Nxg3+ $1 {[%mdl 512]} 32. hxg3 {Strongly threatening Nc5.} Rxb7 33. Rxe5+ {KR-KR} Kf6 34. Re3 Rb2 35. Rc3 Ke6 36. c5 Rb7 37. Kg2 Kd5 38. Kf3 Rf7+ 39. Kg4 Rf6 40. Rd3+ Kxc5 41. Rd7 Rg6+ 42. Kf4 Kc6 43. Ra7 Kd5 44. g4 h6 {[#]} 45. g5 $1 {[%mdl 8704] Precision: White = 65%, Black = 55%.} 0-1